THE COMPLETE REFERENCE JAVA SCRIPT/ (Record no. 47666)

MARC details
000 -LEADER
fixed length control field 00432pam a2200169 a 4500
020 ## - INTERNATIONAL STANDARD BOOK NUMBER
Terms of availability
041 ## - LANGUAGE CODE
Language code of original
082 ## - DEWEY DECIMAL CLASSIFICATION NUMBER
Item number POW/SCH
100 ## - MAIN ENTRY--PERSONAL NAME
Personal name POWELL T AND SCHNEIDER.
245 ## - TITLE STATEMENT
Title THE COMPLETE REFERENCE JAVA SCRIPT/
Medium Textual Documents
250 ## - EDITION STATEMENT
Edition statement 01-01-2002.
260 ## - PUBLICATION, DISTRIBUTION, ETC.
Name of publisher, distributor, etc. TATA MC GRAW HILL INT. NEW DELHI
300 ## - PHYSICAL DESCRIPTION
Extent XXIV/1079
500 ## - GENERAL NOTE
General note 4848
653 ## - INDEX TERM--UNCONTROLLED
Uncontrolled term SOFTWARE TESTING AND QUALITY ASSURANCE (B.E.)
930 ## - EQUIVALENCE OR CROSS-REFERENCE-UNIFORM TITLE HEADING [LOCAL, CANADA]
Uniform title 4441
Holdings
Withdrawn status Lost status Damaged status Not for loan Collection Home library Current library Shelving location Date acquired Source of acquisition Cost, normal purchase price Total Checkouts Full call number Barcode Date last seen Copy number Price effective from Koha item type
        EWP College of Engineering for Women, Pune College of Engineering for Women, Pune D-ROW-11:CUP-43 31/12/2002 COLLEGE BOOK DEPOT, 550.00   POW/SCH EWP-4503 24/02/2023 1 24/02/2023 Book